|
|
|
|
| LEADER |
01538nam a22003252a 4500 |
| 001 |
000751451 |
| 003 |
CZ BrMZK |
| 005 |
20150623082318.0 |
| 007 |
ta |
| 008 |
041124s1955 xr a er|||||||||||cze d |
| 015 |
|
|
|a cnb000719859
|
| 035 |
|
|
|a (OCoLC)85445534
|
| 040 |
|
|
|a ABA001
|b cze
|c OLA001
|d ABA001
|d BOA001
|
| 100 |
1 |
|
|a Kunc, Josef
|7 jx20041206014
|4 aut
|
| 245 |
1 |
0 |
|a Učebnice řidiče 3. a 2. třídy a řidiče traktoristy :
|b konstrukce nákladních automobilů a traktorů, hospodárnost provozu motorových vozidel /
|c zpracoval J. Kunc a kolektiv
|
| 250 |
|
|
|a 1. vyd.
|
| 260 |
|
|
|a Praha :
|b Naše vojsko,
|c 1955
|
| 300 |
|
|
|a 383 s. :
|b il. ;
|c 8°
|
| 490 |
1 |
|
|a Výcviková knižnice řidičů ;
|v sv. 4
|
| 500 |
|
|
|a 20400 výt.
|
| 830 |
|
0 |
|a Výcviková knižnice řidičů
|0 s
|
| 856 |
4 |
1 |
|u http://www.digitalniknihovna.cz/mzk/uuid/uuid:abe01490-818c-11e2-aa2b-005056827e51
|y Digitalizovaný dokument
|x NDK
|
| 910 |
|
|
|a BOA001
|b PK-0011.661
|b 2-0347.311
|b TK-0060.366
|
| 964 |
|
|
|a Automobily - konstrtukce a provoz - příručky
|
| 964 |
|
|
|a Traktory - konstrukce a provoz - příručky
|
| 990 |
|
|
|a BK
|
| 996 |
6 |
|
|b 2619118920
|c 2-0347.311
|l MZK
|r Sklad / do 24 hodin
|n 0
|w 000751451
|u 000050
|a 1
|e BOA001
|j MZK50
|s P
|
| 996 |
7 |
|
|b 2619833485
|c 2-0347.311
|l MZK
|r Sklad / do 24 hodin
|n 1
|w 000751451
|u 000020
|a 1
|e BOA001
|j MZK50
|s A
|
| 996 |
7 |
|
|b 2629950997
|c TK-0060.366
|l MZK
|r Sklad / do 24 hodin
|n 0
|w 000751451
|u 000060
|a 1
|e BOA001
|j MZK50
|s A
|
| 996 |
6 |
|
|b 3119686542
|c PK-0011.661
|l MZK
|r Sklad / do 1 hodiny
|n 3
|w 000751451
|u 000010
|a 1
|e BOA001
|j MZK50
|s P
|